| 000 | 00826nam a2200265 a 4500 | ||
|---|---|---|---|
| 001 | vtls000968674 | ||
| 003 | NLI | ||
| 005 | 20210627095151.0 | ||
| 008 | 120112s1906 enk 000 0 eng | ||
| 039 | 9 |
_y201201121759 _zEntertech_02 |
|
| 040 | 0 |
_aNLI _beng _cEntertech-2011 _eAACR2 |
|
| 041 | 0 | _aeng | |
| 044 | _aenk | ||
| 084 | _a67.F.69 | ||
| 100 | 1 |
_aSandberg, Graham _9755658 |
|
| 245 | 1 | 0 |
_aTibet and the Tibetans / _cby Graham Sandberg |
| 260 |
_aLondon : _bSociety for Promoting Christian Knowledge, _c1906 |
||
| 300 |
_aix, 333 p. ; _c23 cm. |
||
| 651 | 0 |
_aTibet Autonomous Region (China) _xHistory _9687413 |
|
| 651 | 0 |
_aTibet Autonomous Region (China) _xSocial life and customs _9687404 |
|
| 887 | _a | ||
| 901 |
_aIMP53157 : _b12.08.2010 |
||
| 902 | _a67.F.69 | ||
| 999 |
_aVIRTUA _c793227 _d793227 |
||
| 942 |
_2ddc _cBKS |
||